00721nam a22002057a 450000500170000001000150001702000260003203500130005803700090007108200080008010000260008824500930011424600400020725000200024726000670026727000520033430000730038665000390045965000170049820240501163619.0 aHIN-127440 a9788182800540c250.00 aHN-99786 bDBAD a841 aशशिकांत aसफ़र में हूँ:bगजल-संग्रह /cशशिकांत aMain Safar May Hun bby Shashikant aप्रथम aदिल्ली bअमृत प्रकाशन c2011 aशाहदराbदिल्लीe110032  a96पृ.:c22सेमी (सजिल्द) bसचित्र aहिन्दी कविता aHindi poetry